00729nam a2200229Ia 4500003000900000008004100009020001800050040001600068080001600084100002600100245009100126250001200217260005200229300001500281650002200296650002100318650001900339700002700358942000700385999001500392952009200407IN-BaIIA211028s9999 xx 000 0 eng d a0-7121-1655-9 cIIA Library a657.47bBRO aBrown, J. Lewis98940 0aPrinciples and practice of management accountancycJ. Lewis Brown and Leslie R. Howard a3rd ed. aLondonbThe English Language Book Societyc1975 axii, 756p. aAccountancy98941 aManagement97079 aNASA Thesaurus aHoward, Leslie R98942 cBK c5030d5030 00104070aBANbBANcGENd1976-09-10l0o657.47/ BROp5620r2021-11-05w1976-09-10yBK